Name the Two HIMYM Characters Who... Quiz Stats

Quiz Updated Apr 25, 2014

Challenge
Share
Tweet
Embed
Score 0/20 Timer 04:00
4 Plays Today
Hint Character % Correct
Did not go to Wesleyan University???
94.5%
Participate in the ongoing slap bet???
91.4%
Are at least partly Canadian???
89.6%
Have taught for a living???
89.3%
Have never worked for Goliath National Bank???
87%
Camped outside of a store for a wedding dress sale???
86.8%
Have half or full brothers???
83%
Have been on numerous cross country road trips to get to a pizza place???
82.4%
Licked the Liberty Bell???
79.3%
Lived in Dowisetrepla???
78.5%
Hint Character % Correct
Have ever worn the Ducky Tie???
72.1%
Grew up in New York???
71.9%
Watch the Predator every Valentine's Day???
71.1%
Have a middle name that is typically used for the opposite gender???
67.9%
Got rushed to hospital in the episode 'Miracles'???
64.9%
Have made video résumés???
64.3%
Have had a dog companion at some point during the span of the show???
60.7%
Have been shown dating someone in a jail facility???
44.5%
Were the first ones to have their doppelgängers spotted???
40.9%
Successfully did the 'Naked Man'???
40.7%

You're not logged in!

Compare scores with friends on all Sporcle quizzes.
Sign Up with Email
OR
Log In

You Might Also Like...

Show Comments

Extras

Top Quizzes Today


Score Distribution

Your Account Isn't Verified!

In order to create a playlist on Sporcle, you need to verify the email address you used during registration. Go to your Sporcle Settings to finish the process.